000 00724nam a2200181Ia 4500
008 100920s9999 xx 000 0 und d
082 _b78358
_a28 व 51 थ 94
100 _aभारती सी. /अनु.-जोशी अरूंधती अनिलराव.
245 _aसती सावित्री.
260 _bभारत-भारती (मराठी संस्करण )बाल शिक्षण माला.
_c1994
300 _a48
_bसाधी
365 _b5
520 _aबा. वि चरित्र.
630 _aसती सावित्री.
650 _aबा. वि चरित्र.
730 _aसती सावित्री.
942 _cBOOK
999 _c719540
_d719537